El Estado de derecho en la historia de Chile: por la razón o la fuerza

I tiakina i:
Ngā taipitopito rārangi puna kōrero
Kaituhi matua: Bravo Lira, Bernardino (Author)
Hōputu: Pukapuka
Reo:Pāniora
I whakaputaina: Santiago, Chile Universidad Católica de Chile 1996
Rangatū:Investigaciones
Ngā marau:
Ngā Tūtohu: Tāpirihia he Tūtohu
Kāore He Tūtohu, Me noho koe te mea tuatahi ki te tūtohu i tēnei pūkete!

MARC

LEADER 00000nam a2200000 a 4500
001 UCT8495
003 CL-VaPUC
005 20210625001803.0
008 970326e19960000CL |||||||||||||||||spa|d
999 |c 256988  |d 256986 
020 |a 9561404230 
040 |c Pontificia Universidad Católica de Valparaíso 
082 0 4 |a 342.83 BRA 1996  |2 21 
100 0 |a Bravo Lira, Bernardino  |e author  |9 380234 
245 1 3 |a El Estado de derecho en la historia de Chile:  |b  por la razón o la fuerza 
260 |a Santiago, Chile  |b Universidad Católica de Chile  |c 1996 
300 |a 405 páginas 
490 0 |a Investigaciones 
583 |a last modification  |c 20130926 06:22:51  |k Rodrigo Vera 
650 0 |a Estado de derecho  |z CHILE  |9 257795 
650 0 |a Jurisprudencia  |9 255952 
650 0 |a Derecho constitucional   |z CHILE  |9 222588 
650 0 |a Partidos políticos  |z CHILE  |9 254999 
650 0 |a Política y gobierno  |z CHILE  |9 255151 
852 |a BIBCUR 
942 |c BK  |2 ddc 
945 |d 19970326 00:00:00  |a rleighto 
952 |0 0  |1 0  |2 ddc  |4 0  |6 342_830000000000000_BRA_1996  |7 0  |8 A  |9 280181  |a BIBDER  |b BIBDER  |d 2019-11-19  |i 3295664  |l 1  |m 6  |o 342.83 BRA 1996  |p 3295664  |q 2025-12-31  |r 2020-02-26  |s 2020-02-26  |t 1  |w 2019-11-19  |y BK  |k DER 
952 |0 0  |1 0  |2 ddc  |4 0  |6 342_830000000000000_BRA_1996  |7 0  |8 A  |9 280182  |a BIBHIS  |b BIBHIS  |d 2019-11-19  |i 3330818  |o 342.83 BRA 1996  |p 3330818  |r 2025-01-20  |t 3  |w 2019-11-19  |y BK  |k HIS 
952 |0 0  |1 0  |2 ddc  |4 0  |6 342_830000000000000_BRA_1996  |7 0  |8 A  |9 280183  |a BIBDER  |b BIBDER  |d 2019-11-19  |i 4476638  |o 342.83 BRA 1996  |p 4476638  |r 2023-01-25  |t 2  |w 2019-11-19  |y BK  |k DER